| 000 | 00420nam a2200121Ia 4500 | ||
|---|---|---|---|
| 008 | 220216s9999 xx 000 0 und d | ||
| 100 |
_aCook D G _cet al |
||
| 245 | 0 | _aLatex rubber modified polystyrene as a model system for HIPS: Effect of rubber particle parameters | |
| 260 |
_bPlastics, Rubber and Composites Processing and Applications _c1993 |
||
| 300 | _a219-228 | ||
| 650 | _aHigh impact polystyrene | ||
| 942 | _cJS | ||
| 999 |
_c62075 _d62075 |
||